00670nam a2200253Ia 4500001000900000003000500009005001700014008004100031010001100072020001800083040000900101082002100110245005800131250001100189260006200200300001500262503001400277504002800291650001900319650001900338650001500357650001800372700002600390dia_2812CHAP20250806141823.0220117s1987 xx 000 0 und d a173312 a0-471-05288-4 cCHAP a574.192 O98 1987 aOutlines of biochemistry /c Eric E. Conn...[et al.] a5a ed. aEstados Unidos de América :b John Wiley & Sons,c1987 aix, 693 p. aI. 163082 aIncluye bibliografías aBiochemistry  aBioquímica  aMetabolism aMetabolismo  aConn, Eric E.eautor.